000
003080000a22001450004500
020
_a
978-958-30-2426-9
082
0
4
_a
B P1918c
110
1
_a
Panamericana Editorial
245
1
0
_a
Es Hora de Comer
260
_a
China
300
_a
8 Pag
500
_a
Libro de tela para bebes
001
1902
942
_c
LGB
999
_c
49055
_d
49055